Które państwo ma silniejszą gospodarkę? #1 - Statystyki

Ogólne statystyki
  • Ten quiz został rozwiązany 50 razy
  • Średni wynik to 8 z 15
Statystyki odpowiedzi
Zagadnienie Odpowiedź % Poprawnych
Austria czy Irlandia? Austria
100%
Stany Zjednoczone czy Chiny? Stany Zjednoczone
100%
Włochy czy Kanada Włochy
100%
Chiny, USA, Unia Europejska czy reszta świata Chiny, USA, Unia Europejska
67%
Litwa czy Łotwa czy Estonia Litwa
67%
Benelux czy Rosja? Rosja
67%
Unia Europejska czy Chiny? Unia Europejska
67%
Francja czy Wielka Brytania? Wielka Brytania
67%
Nigeria czy Belgia? Belgia
33%
Hiszpania czy Brazylia? Brazylia
33%
Afryka czy Francja? Francja
33%
Niemcy czy Japonia? Japonia
33%
Szwajcaria czy Turcja? Szwajcaria
33%
Polska czy Tajwan? Tajwan
33%
Niemcy i Wielka Brytania czy Australia i Oceania, Ameryka Południowa, Afryka czy Japonia i Korea Południowa Niemcy i Wielka Brytania
0%
Nie znaleziono quizów pasujących do podanych kryteriów
Rozkład punktacji
Procent ludzi z każdym wynikiem
Percentyl według liczby udzielonych odpowiedzi
Twoja historia wyników
Nie rozwiązałeś tego quizu